[Event "Mittelfranken Landesliga Nord 2223"]
[Site "Mittelfranken"]
[Date "2023.02.05"]
[Round "6.1"]
[White "Fischer, Johannes"]
[Black "Giessmann, Stephan"]
[Result "1-0"]
[WhiteElo "2183"]
[BlackElo "2194"]
[PlyCount "85"]
[EventDate "2022.10.09"]
[EventType "team-tourn"]
[EventRounds "9"]
[EventCountry "GER"]
[SourceTitle "EXT 2024"]
[Source "ChessBase"]
[SourceDate "2023.10.10"]
[SourceVersion "1"]
[SourceVersionDate "2023.10.10"]
[SourceQuality "1"]
[WhiteTeam "Nuernberg Sued SW"]
[BlackTeam "Kelheim"]
[WhiteTeamCountry "GER"]
[BlackTeamCountry "GER"]

1. e4 e6 2. d4 d5 3. Bd3 c5 4. exd5 exd5 5. Nf3 c4 6. Be2 Nf6 7. b3 cxb3 8. axb3 Bd6 9. Bg5 h6 10. Bh4 0-0 11. 0-0 Bf5 12. c4 Nc6 13. Nc3 Nb4 14. Qd2 Re8 15. Ra4 Bd7 16. Raa1 a6 17. cxd5 Rc8 18. Ne5 Bf5 19. Nc4 Bb8 20. d6 b5 21. Ne3 Qxd6 22. Bg3 Qd7 23. Bxb8 Rxb8 24. Nxb5 axb5 25. Qxb4 Nd5 26. Qd2 Nf4 27. Bf3 Be4 28. Bxe4 Rxe4 29. d5 Rd8 30. Rfd1 Re5 31. d6 Rg5 32. f3 Qe6 33. Kf2 Qxb3 34. d7 Qe6 35. Qd4 Ng6 36. f4 Rh5 37. f5 Rxf5+ 38. Nxf5 Qxf5+ 39. Kg1 Nf8 40. Ra7 Ne6 41. Qb6 Qc2 42. Raa1 Rf8 43. d8Q 1-0

[Event "Mittelfranken Landesliga Nord 2122"]
[Site "Mittelfranken"]
[Date "2022.05.29"]
[Round "9.2"]
[White "Kuhn, Tobias"]
[Black "Fischer, Johannes"]
[Result "1/2-1/2"]
[WhiteElo "2206"]
[BlackElo "2191"]
[PlyCount "97"]
[EventDate "2021.10.24"]
[EventType "team-tourn"]
[EventRounds "9"]
[EventCountry "GER"]
[SourceTitle "EXT 2024"]
[Source "ChessBase"]
[SourceDate "2023.10.10"]
[SourceVersion "1"]
[SourceVersionDate "2023.10.10"]
[SourceQuality "1"]
[WhiteTeam "Klingenberg"]
[BlackTeam "Nuernberg SW"]
[WhiteTeamCountry "GER"]
[BlackTeamCountry "GER"]

1. Nf3 d5 2. g3 c5 3. Bg2 Nc6 4. d4 Nf6 5. 0-0 e6 6. c4 dxc4 7. Ne5 Bd7 8. Nxc6 Bxc6 9. Bxc6+ bxc6 10. Qa4 Qb6 11. dxc5 Qxc5 12. Na3 Nd5 13. e4 Nb6 14. Qa6 Bd6 15. Be3 Qb4 16. Bd4 0-0 17. Rac1 c3 18. Bxc3 Qxe4 19. Rfe1 Qf5 20. Nc4 Bc5 21. Ne3 Bxe3 22. Rxe3 Qb5 23. Qxb5 cxb5 24. Bd4 Nd5 25. Rb3 b4 26. a3 a5 27. axb4 axb4 28. Rd3 Rfc8 29. Rdd1 f6 30. h4 Kf7 31. Kg2 Rxc1 32. Rxc1 e5 33. Be3 Ke6 34. Rc4 Ra2 35. Bc1 Kd6 36. Kf3 Ra6 37. Bd2 b3 38. Kg4 Rc6 39. Rxc6+ Kxc6 40. Kf5 Kd6 41. h5 Ne7+ 42. Ke4 Kc5 43. g4 h6 44. f4 exf4 45. Bxf4 Nd5 46. Bd2 Ne7 47. Bf4 Nd5 48. Bd2 Ne7 49. Bf4 1/2-1/2

[Event "Oberliga Bayern 1920"]
[Site "Bayern"]
[Date "2020.02.09"]
[Round "6.3"]
[White "Kumic, Filip"]
[Black "Fischer, Johannes"]
[Result "0-1"]
[WhiteElo "2304"]
[BlackElo "2190"]
[PlyCount "68"]
[EventDate "2019.10.20"]
[EventType "team-tourn"]
[EventRounds "9"]
[EventCountry "GER"]
[SourceTitle "EXT 2022"]
[Source "ChessBase"]
[SourceDate "2021.10.06"]
[SourceVersion "1"]
[SourceVersionDate "2021.10.06"]
[SourceQuality "1"]
[WhiteTeam "Trostberg"]
[BlackTeam "Nuernberg Sued SW"]
[WhiteTeamCountry "GER"]
[BlackTeamCountry "GER"]

1. d4 Nf6 2. Nf3 d6 3. c4 Nbd7 4. Nc3 e5 5. g3 Be7 6. Bg2 0-0 7. 0-0 c6 8. h3 Qc7 9. Be3 Re8 10. Qc2 a6 11. Nh4 Rb8 12. Nf5 Bf8 13. a4 g6 14. Nh4 exd4 15. Bxd4 a5 16. e4 Bg7 17. Rad1 b5 18. cxb5 cxb5 19. Qd3 bxa4 20. Nb5 Qc6 21. Na7 Qa6 22. Nxc8 Qxd3 23. Rxd3 Rexc8 24. Ra1 Rc4 25. Ra2 Rb3 26. Rd1 Nxe4 27. Bxe4 Rxd4 28. Rxd4 Bxd4 29. Rxa4 Bb6 30. Bd5 Rxg3+ 31. Kh2 Rd3 32. Bc4 Rd2 33. b4 axb4 34. Rxb4 Bxf2 0-1

[Event "Oberliga Bayern 1920"]
[Site "Bayern"]
[Date "2019.10.20"]
[Round "1.4"]
[White "Ott, Florian"]
[Black "Fischer, Johannes"]
[Result "1-0"]
[WhiteElo "2248"]
[BlackElo "2190"]
[PlyCount "85"]
[EventDate "2019.10.20"]
[EventType "team-tourn"]
[EventRounds "9"]
[EventCountry "GER"]
[SourceTitle "EXT 2022"]
[Source "ChessBase"]
[SourceDate "2021.10.06"]
[SourceVersion "1"]
[SourceVersionDate "2021.10.06"]
[SourceQuality "1"]
[WhiteTeam "Erlangen SC"]
[BlackTeam "Nuernberg Sued SW"]
[WhiteTeamCountry "GER"]
[BlackTeamCountry "GER"]

1. c4 e5 2. Nc3 Nf6 3. Nf3 d6 4. g3 Be7 5. Bg2 0-0 6. 0-0 c6 7. Qc2 Nbd7 8. d4 Qc7 9. Rd1 Re8 10. b4 exd4 11. Nxd4 Ne5 12. b5 c5 13. Nf5 Be6 14. Bg5 Nxc4 15. Nxe7+ Qxe7 16. Bxf6 gxf6 17. Qe4 Rab8 18. Qf4 Kg7 19. h4 Ne5 20. h5 f5 21. Rac1 Rbd8 22. e4 Qf6 23. exf5 Qxf5 24. h6+ Kh8 25. Ne4 Qxf4 26. gxf4 Ng6 27. Nxd6 Rxd6 28. Rxd6 Nxf4 29. Rcd1 Ne2+ 30. Kh2 Nd4 31. Bxb7 Kg8 32. a4 Kf8 33. Be4 Bb3 34. R1xd4 cxd4 35. Bxh7 Bxa4 36. Bd3 Re5 37. h7 Rh5+ 38. Kg3 Kg7 39. Rxd4 Bxb5 40. Rg4+ Kf6 41. Rh4 Bxd3 42. Rxh5 Kg7 43. h8Q+ 1-0

[Event "Landesliga Nord 1718"]
[Site "Bayern"]
[Date "2018.01.21"]
[Round "5.1"]
[White "Eret, Jonas"]
[Black "Fischer, Johannes"]
[Result "1/2-1/2"]
[WhiteElo "2245"]
[BlackElo "2185"]
[PlyCount "125"]
[EventDate "2017.10.22"]
[EventType "team-tourn"]
[EventRounds "9"]
[EventCountry "GER"]
[SourceTitle "EXT 2022"]
[Source "ChessBase"]
[SourceDate "2021.10.06"]
[SourceVersion "1"]
[SourceVersionDate "2021.10.06"]
[SourceQuality "1"]
[WhiteTeam "Bad Koetzting"]
[BlackTeam "Nuernberg Sued SW"]
[WhiteTeamCountry "GER"]
[BlackTeamCountry "GER"]

1. d4 Nf6 2. Nf3 d6 3. Bf4 c6 4. h3 Qb6 5. Qc1 h6 6. e3 Bf5 7. c3 Nbd7 8. Nbd2 g5 9. Bh2 Bg7 10. Be2 0-0 11. 0-0 c5 12. Re1 Rac8 13. Bd1 Ne4 14. Nxe4 Bxe4 15. Qd2 Qc6 16. Rf1 Nb6 17. Ne1 e5 18. f3 Bg6 19. dxe5 dxe5 20. e4 Rcd8 21. Qe2 Rd6 22. Bc2 Rfd8 23. Rf2 c4 24. g4 f6 25. Rd1 Bf8 26. Rxd6 Qxd6 27. Ng2 Qc6 28. Ne3 Bc5 29. Kg2 Qb5 30. b4 Be7 31. a4 Nxa4 32. Nd5 Kf7 33. Bxa4 Qxa4 34. Qxc4 Qc6 35. Qxc6 bxc6 36. Nxe7 Kxe7 37. Ra2 Rd3 38. Rxa7+ Ke8 39. Rc7 Rxc3 40. b5 Kd8 41. b6 Rc2+ 42. Kg3 h5 43. gxh5 Bxh5 44. Rh7 Be8 45. Ra7 Rb2 46. Ra8+ Ke7 47. Bg1 c5 48. Bxc5+ Kf7 49. Ra7+ Kg6 50. Bf2 Bc6 51. Rc7 Ba8 52. Bc5 f5 53. exf5+ Kxf5 54. Rf7+ Kg6 55. Rf8 Bb7 56. Rg8+ Kf5 57. Rg7 Bc6 58. Rf7+ Kg6 59. Re7 Kf5 60. Rc7 Bd5 61. Rd7 Bc6 62. Rd6 Bb7 63. Rd7 1/2-1/2

[Event "Landesliga Nord 1718"]
[Site "Bayern"]
[Date "2017.12.10"]
[Round "4.1"]
[White "Fischer, Johannes"]
[Black "Rupp, Markus"]
[Result "1/2-1/2"]
[WhiteElo "2185"]
[BlackElo "2174"]
[PlyCount "77"]
[EventDate "2017.10.22"]
[EventType "team-tourn"]
[EventRounds "9"]
[EventCountry "GER"]
[SourceTitle "EXT 2022"]
[Source "ChessBase"]
[SourceDate "2021.10.06"]
[SourceVersion "1"]
[SourceVersionDate "2021.10.06"]
[SourceQuality "1"]
[WhiteTeam "Nuernberg Sued SW"]
[BlackTeam "Wuerzburg"]
[WhiteTeamCountry "GER"]
[BlackTeamCountry "GER"]

1. e4 e6 2. d4 d5 3. Nd2 Nf6 4. e5 Nfd7 5. Bd3 c5 6. c3 b6 7. f4 Ba6 8. Ndf3 Bxd3 9. Qxd3 Nc6 10. Bd2 Rc8 11. Ne2 Be7 12. f5 cxd4 13. cxd4 Nb4 14. Bxb4 Bxb4+ 15. Kf2 0-0 16. Nf4 Re8 17. a3 Bf8 18. fxe6 fxe6 19. h4 g6 20. Ng5 Bh6 21. Nfxe6 Qe7 22. Rh3 Nf8 23. Nf4 Red8 24. Rg3 Bxg5 25. hxg5 Ne6 26. Nxe6 Qxe6 27. Kg1 Rf8 28. Rf1 Rxf1+ 29. Qxf1 Rc4 30. Qf6 Qxf6 31. gxf6 Kf7 32. Rf3 Rc7 33. Rc3 Rxc3 34. bxc3 b5 35. Kf2 a5 36. Ke3 a4 37. Kf4 h6 38. Kg4 Ke6 39. Kf4 1/2-1/2

[Event "Landesliga Nord 1617"]
[Site "Bayern"]
[Date "2016.11.20"]
[Round "2.1"]
[White "Fischer, Johannes"]
[Black "Seyb, Dieter"]
[Result "0-1"]
[WhiteElo "2194"]
[BlackElo "2216"]
[PlyCount "80"]
[EventDate "2016.10.16"]
[EventType "team-tourn"]
[EventRounds "9"]
[EventCountry "GER"]
[SourceTitle "EXT 2019"]
[Source "ChessBase"]
[SourceDate "2018.10.10"]
[SourceVersion "1"]
[SourceVersionDate "2018.10.10"]
[SourceQuality "1"]
[WhiteTeam "Nuernberg Sued SW"]
[BlackTeam "Forchheim II"]
[WhiteTeamCountry "GER"]
[BlackTeamCountry "GER"]

1. d4 Nf6 2. Nf3 g6 3. Bf4 Bg7 4. e3 d6 5. h3 0-0 6. Be2 c5 7. c3 b6 8. Nbd2 Bb7 9. 0-0 Nbd7 10. Bh2 Rc8 11. a4 Qc7 12. a5 Ne4 13. a6 Ba8 14. Nxe4 Bxe4 15. Ng5 Ba8 16. d5 c4 17. Bg4 h6 18. Nxf7 Kxf7 19. Be6+ Ke8 20. Qg4 Rf6 21. f4 Rd8 22. f5 Qc5 23. Rad1 Qxe3+ 24. Kh1 Qg5 25. Qxc4 gxf5 26. Bxd7+ Rxd7 27. Bf4 Qh5 28. Qc8+ Rd8 29. Qc7 Qf7 30. Qxa7 Bxd5 31. Qxb6 Be4 32. Rfe1 Qe6 33. a7 Qc8 34. Ra1 Qa8 35. Re2 Rg6 36. Kh2 Bf6 37. Ra4 Rg8 38. Rexe4 fxe4 39. Qb5+ Kf7 40. Qh5+ Rg6 0-1

[Event "Landesliga Nord 1516"]
[Site "Bayern"]
[Date "2015.11.15"]
[Round "3.1"]
[White "Mann, Johannes"]
[Black "Fischer, Johannes"]
[Result "1/2-1/2"]
[WhiteElo "2183"]
[BlackElo "2216"]
[PlyCount "41"]
[EventDate "2015.10.11"]
[EventType "team-tourn"]
[EventRounds "9"]
[EventCountry "GER"]
[SourceTitle "EXT 2018"]
[Source "ChessBase"]
[SourceDate "2017.10.13"]
[SourceVersion "1"]
[SourceVersionDate "2017.10.13"]
[SourceQuality "1"]
[WhiteTeam "Forchheim II"]
[BlackTeam "Nuernberg Sued SW"]
[WhiteTeamCountry "GER"]
[BlackTeamCountry "GER"]

1. d4 Nf6 2. c4 c5 3. d5 b5 4. cxb5 a6 5. bxa6 g6 6. Nc3 Bxa6 7. Nf3 d6 8. g3 Bg7 9. Bg2 Nbd7 10. Rb1 0-0 11. 0-0 Qa5 12. Bd2 Bb7 13. Nh4 Rfb8 14. Qc2 Bc8 15. Rfd1 Qa7 16. h3 Nb6 17. b3 Nfd7 18. Nf3 Nf6 19. Nh4 Nfd7 20. Nf3 Nf6 21. Nh4 1/2-1/2

[Event "Pyramiden Franken Cup"]
[Site "Fuerth"]
[Date "2015.09.06"]
[Round "7"]
[White "Ikonnikov, Vyacheslav"]
[Black "Fischer, Johannes"]
[Result "1-0"]
[WhiteElo "2518"]
[BlackElo "2269"]
[PlyCount "51"]
[EventDate "2015.09.03"]
[EventType "swiss"]
[EventRounds "7"]
[EventCountry "GER"]
[SourceTitle "EXT 2016"]
[Source "ChessBase"]
[SourceDate "2015.10.08"]
[SourceVersion "1"]
[SourceVersionDate "2015.10.08"]
[SourceQuality "1"]

1. d4 d6 2. Nf3 g6 3. c4 Bg7 4. e4 Nd7 5. Nc3 e5 6. Be2 Nh6 7. 0-0 0-0 8. Rb1 f6 9. b4 Nf7 10. c5 f5 11. exf5 gxf5 12. dxe5 dxe5 13. Bc4 h6 14. Ne2 e4 15. Nfd4 Nde5 16. Bb3 Nd3 17. Ne6 Bxe6 18. Bxe6 Qf6 19. Qb3 Kh8 20. Ng3 Nfe5 21. Bxf5 Qh4 22. Bb2 Nxb2 23. Rxb2 Rad8 24. Re2 Rd3 25. Rxe4 Qg5 26. Qe6 1-0

[Event "Pyramiden Franken Cup"]
[Site "Fuerth"]
[Date "2015.09.03"]
[Round "1"]
[White "Fischer, Johannes"]
[Black "Hoffmann, Sebastian"]
[Result "1-0"]
[WhiteElo "2269"]
[BlackElo "1860"]
[PlyCount "61"]
[EventDate "2015.09.03"]
[EventType "swiss"]
[EventRounds "7"]
[EventCountry "GER"]
[SourceTitle "EXT 2016"]
[Source "ChessBase"]
[SourceDate "2015.10.08"]
[SourceVersion "1"]
[SourceVersionDate "2015.10.08"]
[SourceQuality "1"]

1. g3 d5 2. Bg2 e5 3. d3 c6 4. Nf3 Bd6 5. e4 Nf6 6. Nc3 0-0 7. 0-0 Re8 8. exd5 cxd5 9. Bg5 Be6 10. Nb5 Bg4 11. h3 Bh5 12. g4 Bg6 13. Nh4 Be7 14. Nxg6 hxg6 15. c4 Nbd7 16. cxd5 Qb6 17. a4 Nxd5 18. Bxd5 Bxg5 19. Qb3 Re7 20. a5 Qc5 21. a6 Nf6 22. Bxb7 Rd8 23. Qc4 Qb6 24. Qc6 Re6 25. Qxb6 Rxb6 26. Nxa7 Rb8 27. Nc6 Re8 28. a7 Rxb7 29. a8Q Rxa8 30. Rxa8+ Kh7 31. Nxe5 1-0

[Event "Landesliga Nord 1415"]
[Site "Bayern"]
[Date "2015.01.18"]
[Round "5.1"]
[White "Fischer, Johannes"]
[Black "Golda, Harald"]
[Result "1/2-1/2"]
[WhiteElo "2216"]
[BlackElo "2221"]
[PlyCount "90"]
[EventDate "2014.10.19"]
[EventType "team-tourn"]
[EventRounds "9"]
[EventCountry "GER"]
[SourceTitle "EXT 2018"]
[Source "ChessBase"]
[SourceDate "2017.10.13"]
[SourceVersion "1"]
[SourceVersionDate "2017.10.13"]
[SourceQuality "1"]
[WhiteTeam "Nuernberg Sued SW"]
[BlackTeam "Schweinfurt"]
[WhiteTeamCountry "GER"]
[BlackTeamCountry "GER"]

1. e4 e5 2. Nf3 Nc6 3. Bb5 a6 4. Bxc6 dxc6 5. d4 exd4 6. Qxd4 Qxd4 7. Nxd4 Bd7 8. Be3 0-0-0 9. Nd2 c5 10. Ne2 b6 11. 0-0 Ne7 12. Nc3 Ng6 13. f4 f6 14. a4 Bc6 15. Nc4 Re8 16. f5 Ne5 17. Nxe5 Rxe5 18. Bf4 Re8 19. Rfe1 Bd6 20. Bxd6 cxd6 21. Rad1 Kc7 22. Nd5+ Bxd5 23. exd5 Re5 24. Rxe5 fxe5 25. Rf1 Rf8 26. g4 Kd7 27. Kg2 Ke7 28. g5 h6 29. h4 hxg5 30. hxg5 Rh8 31. f6+ gxf6 32. Rxf6 Rh4 33. Re6+ Kd7 34. g6 Rxa4 35. Kh3 Ra1 36. Kg4 Rg1+ 37. Kf5 Rg2 38. Kf6 Rf2+ 39. Kg7 Rxc2 40. Kf7 Rf2+ 41. Rf6 Rxb2 42. g7 Rg2 43. Rg6 Rf2+ 44. Rf6 Rg2 45. Rg6 Rf2+ 1/2-1/2

[Event "Landesliga Nord 1213"]
[Site "Bayern"]
[Date "2013.02.03"]
[Round "6.3"]
[White "Fischer, Johannes"]
[Black "Heimerdinger, Joerg"]
[Result "1/2-1/2"]
[WhiteElo "2212"]
[BlackElo "2030"]
[PlyCount "82"]
[EventDate "2012.10.14"]
[EventType "team-tourn"]
[EventRounds "9"]
[EventCountry "GER"]
[SourceTitle "EXT 2015"]
[Source "ChessBase"]
[SourceDate "2014.11.20"]
[SourceVersion "1"]
[SourceVersionDate "2014.11.20"]
[SourceQuality "1"]
[WhiteTeam "Nuernberg Sued SW"]
[BlackTeam "Bindlach II"]
[WhiteTeamCountry "GER"]
[BlackTeamCountry "GER"]

1. g3 g6 2. Bg2 Bg7 3. e4 c5 4. f4 Nc6 5. Nf3 d6 6. 0-0 Nf6 7. d3 0-0 8. c3 e5 9. Na3 Rb8 10. h3 Nh5 11. Kh2 exf4 12. gxf4 h6 13. Be3 Qe7 14. Qd2 f5 15. Rae1 Qf7 16. e5 dxe5 17. fxe5 Nxe5 18. Bxh6 Qc7 19. Kg1 Nxf3+ 20. Rxf3 f4 21. Bxg7 Qxg7 22. Qe2 Bf5 23. Qe5 Qxe5 24. Rxe5 b6 25. d4 cxd4 26. cxd4 Rfe8 27. Nc4 Rxe5 28. Nxe5 Rd8 29. Nc6 Rd7 30. Ra3 Ng3 31. d5 Kf8 32. Rxa7 Rxa7 33. Nxa7 Ke7 34. Nb5 Bd3 35. Nd4 Kd6 36. Ne6 Ke5 37. Kf2 Nf5 38. Ng5 Ne3 39. Nf7+ Kf6 40. Nd6 Ke5 41. Nf7+ Kf6 1/2-1/2

[Event "BL2-Ost 0607"]
[Site "Germany"]
[Date "2006.12.10"]
[Round "4.5"]
[White "Schultz, Andreas"]
[Black "Fischer, Johannes"]
[Result "0-1"]
[WhiteElo "2260"]
[BlackElo "2265"]
[PlyCount "102"]
[EventDate "2006.10.15"]
[EventType "team-tourn"]
[EventRounds "9"]
[EventCountry "GER"]
[SourceTitle "EXT 2008"]
[Source "ChessBase"]
[SourceDate "2007.11.25"]
[SourceVersion "1"]
[SourceVersionDate "2007.11.25"]
[SourceQuality "1"]
[WhiteTeam "Leipzig Lok"]
[BlackTeam "Gohlis"]
[WhiteTeamCountry "GER"]
[BlackTeamCountry "GER"]

1. d4 Nf6 2. c4 e6 3. Nc3 d5 4. cxd5 exd5 5. Bg5 Be7 6. e3 Nbd7 7. Bd3 c6 8. Qc2 Nf8 9. Nge2 Nh5 10. Bxe7 Qxe7 11. 0-0-0 Nf6 12. Ng3 g6 13. e4 dxe4 14. Ngxe4 Be6 15. Nxf6+ Qxf6 16. d5 Qg5+ 17. f4 Qxf4+ 18. Kb1 0-0-0 19. dxe6 Nxe6 20. Rhf1 Qc7 21. Qf2 f5 22. Qxa7 Qxh2 23. Na4 Qxg2 24. Nb6+ Kc7 25. Ba6 Nc5 26. Na8+ Rxa8 27. Qxc5 bxa6 28. Qe5+ Kb6 29. Rf4 a5 30. Qe3+ Ka6 31. Qd3+ Kb6 32. Qb3+ Ka6 33. Qc4+ Kb6 34. b4 Rhd8 35. bxa5+ Rxa5 36. Rxd8 Rb5+ 37. Kc1 Qg1+ 38. Rd1 Qe3+ 39. Rd2 Rc5 40. Qxc5+ Kxc5 41. Rff2 f4 42. Rfe2 Qa3+ 43. Kd1 f3 44. Re6 Kb6 45. Rc2 Qd3+ 46. Kc1 Qd5 47. Rb2+ Kc7 48. Re7+ Kd6 49. Rxh7 Qc5+ 50. Rc2 Qg1+ 51. Kb2 f2 0-1